Movies Quiz

Random Movies or Actress Quiz

The Last Word: Actresses Quiz Stats

 Plays Quiz Updated Jun 5, 2018

Challenge
Share
Tweet
Embed
Score 0/36 Timer 04:00
0 Plays Today
Hint Answer % Correct
Julia RobertsWoman
97.9%
Jodie FosterLambs
96.8%
Ingrid BergmanExpress
95.8%
Halle BerryDay
95.7%
Susan SarandonLouise
95.4%
Jodie FosterDriver
93.8%
Meryl StreepHunter
92%
Marilyn MonroeItch
91.9%
Julianne MooreNights
91%
Meryl StreepChoice
90.9%
Susan SarandonWalking
90.5%
Elizabeth TaylorBride
89.8%
Sandra BullockSide
89.1%
Ingrid BergmanTolls
88.9%
Sandra BullockCongeniality
88%
Halle BerryBall
87.2%
Julia RobertsMagnolias
86.7%
Julie AndrewsPoppins
85.3%
Hint Answer % Correct
Meryl StreepAfrica
81.4%
Julie AndrewsVictoria
78%
Julia RobertsPizza
77.9%
Jodie FosterMalone
70.4%
Lauren BacallMillionaire
68.7%
Halle BerryAtlas
68%
Elizabeth TaylorSun
63%
Marilyn MonroeJungle
58.2%
Lauren BacallLargo
55.4%
Elizabeth TaylorVelvet
51.8%
Lauren BacallSleep
47.7%
Julianne MooreAlice
41.8%
Susan SarandonCity
36.6%
Sandra BullockSteve
30.8%
Julie AndrewsCurtain
24.1%
Marilyn MonroeShowgirl
21.9%
Ingrid BergmanHappiness
18.7%
Julianne MooreGrace
10.2%

You're not logged in!

Compare scores with friends on all Sporcle quizzes.
Join for Free
OR
Log In

You Might Also Like...

Show Comments

Extras

Top Quizzes Today


Score Distribution

Your Account Isn't Verified!

In order to create a playlist on Sporcle, you need to verify the email address you used during registration. Go to your Sporcle Settings to finish the process.

Report this User

Report this user for behavior that violates our Community Guidelines.

Details: